|
|
|
|
| LEADER |
00000nam0a2200000 4500 |
| 001 |
91196 |
| 005 |
20231031103933.0 |
| 010 |
|
|
|a 5891239388
|
| 035 |
|
|
|a (RuTPU)RU\TPU\book\97779
|
| 090 |
|
|
|a 91196
|
| 100 |
|
|
|a 20060221d2006 m y0rusy50 ca
|
| 101 |
0 |
|
|a rus
|
| 102 |
|
|
|a RU
|
| 105 |
|
|
|a y j 000zy
|
| 200 |
1 |
|
|a Конституционное право Российской Федерации
|e учебник для вузов
|f М. В. Баглай
|
| 205 |
|
|
|a 5-е изд., изм. и доп.
|
| 210 |
|
|
|a Москва
|c Норма
|d 2006
|
| 215 |
|
|
|a 769 с.
|
| 330 |
|
|
|a Настоящий учебник, представляющий собой пятое, измененное и дополненное, издание, написан известным российским ученым, членом-корреспондентом Российской академии наук, профессором, доктором юридических наук. В нем освещаются институты конституционного права, которое формируется и развивается после принятия Конституции РФ 1993 г. Читатель получает знания обо всех новых законах, регулирующих права и свободы граждан, механизм государственной власти. Отличительной чертой данного учебника является стремление автора углубить теоретические знания по всем вопросам, а также ввести в учебный процесс практику Конституционного Суда РФ. Для студентов, аспирантов и преподавателей юридических и других гуманитарных вузов и факультетов и всех тех, кто интересуется вопросами российского конституционного права XXI в.
|
| 610 |
1 |
|
|a право
|
| 610 |
1 |
|
|a конституционное право
|
| 610 |
1 |
|
|a Конституция
|
| 610 |
1 |
|
|a Российская Федерация
|
| 610 |
1 |
|
|a теория
|
| 610 |
1 |
|
|a история
|
| 610 |
1 |
|
|a конституционный строй
|
| 610 |
1 |
|
|a государственная власть
|
| 610 |
1 |
|
|a местное самоуправление
|
| 610 |
1 |
|
|a экономические основы
|
| 610 |
1 |
|
|a права человека
|
| 610 |
1 |
|
|a свободы
|
| 610 |
1 |
|
|a политические права
|
| 610 |
1 |
|
|a экономические права
|
| 610 |
1 |
|
|a социальные права
|
| 610 |
1 |
|
|a культурные права
|
| 610 |
1 |
|
|a конституционные права
|
| 610 |
1 |
|
|a гражданство
|
| 610 |
1 |
|
|a федеральное устройство
|
| 610 |
1 |
|
|a органы государственной власти
|
| 610 |
1 |
|
|a избирательные системы
|
| 610 |
1 |
|
|a Президент
|
| 610 |
1 |
|
|a Федеральное Собрание
|
| 610 |
1 |
|
|a Правительство
|
| 610 |
1 |
|
|a судебная власть
|
| 610 |
1 |
|
|a конституционные поправки
|
| 610 |
1 |
|
|a учебники
|
| 610 |
1 |
|
|a человек
|
| 686 |
|
|
|a Х620.12я73
|v LBC/SL-A
|2 rubbk
|
| 700 |
|
1 |
|a Баглай
|b М. В.
|g Марат Викторович
|
| 801 |
|
1 |
|a RU
|b 63413507
|c 20060221
|g PSBO
|
| 801 |
|
2 |
|a RU
|b 63413507
|c 20130815
|g PSBO
|
| 900 |
|
|
|a Конституция Российской Федерации (фак)
|
| 900 |
|
|
|a Право
|
| 942 |
|
|
|c BK
|
| 952 |
|
|
|b 050402
|
| 959 |
|
|
|a 17/20060217
|d 2
|e 170
|f АНЛ:1
|f НФ:1
|